Aussondern, Sterilisieren, Liquidieren: die Verfolgung Behinderter im Nationalsozialismus
| Tipo de documento: | Print Libro |
|---|---|
| Lenguaje: | Alemán |
| Publicado: |
Berlin
Ed. Marhold im Wiss.-Verl. Spiess
1990
|
| En: | Año: 1990 |
| Acceso en línea: |
Índice Índice |
| Disponibilidad en Tübingen: | Disponible en Tübingen. IFK: C X 228 |
| Verificar disponibilidad: | HBZ Gateway |
| Servicio de pedido Subito: | Pedir ahora. |
| Palabras clave: |
MARC
| LEADER | 00000cam a2200000 c 4500 | ||
|---|---|---|---|
| 001 | 026344254 | ||
| 003 | DE-627 | ||
| 005 | 20260429221910.0 | ||
| 007 | tu | ||
| 008 | 901203s1990 gw ||||| 00| ||ger c | ||
| 015 | |a 90,N22,0180 |2 dnb | ||
| 015 | |a 90,A38,0660 |2 dnb | ||
| 016 | 7 | |a 900767162 |2 DE-101 | |
| 020 | |a 3891665679 |9 3-89166-567-9 | ||
| 035 | |a (DE-627)026344254 | ||
| 035 | |a (DE-603)012577987 | ||
| 035 | |a (DE-576)020895135 | ||
| 035 | |a (DE-599)GBV026344254 | ||
| 035 | |a (OCoLC)1531835696 | ||
| 035 | |a (OCoLC)185755417 | ||
| 035 | |a (OCoLC)23177893 | ||
| 035 | |a (AT-OBV)AC00114388 | ||
| 035 | |a (DE-478)4544 | ||
| 040 | |a DE-627 |b ger |c DE-627 |e rakwb | ||
| 041 | |a ger | ||
| 044 | |c XA-DE | ||
| 050 | 0 | |a HV3008.G3 | |
| 084 | |a MED 14 |2 sfb | ||
| 084 | |a GESCH 430 (87) |2 sfb | ||
| 084 | |a MED 47 |2 sfb | ||
| 084 | |a 33 |a 64 |2 sdnb | ||
| 084 | |a 19 |a 33 |2 sdnb | ||
| 084 | |a XB 3370 |2 rvk |0 (DE-625)rvk/152454: | ||
| 084 | |a NQ 2350 |2 rvk |0 (DE-625)rvk/128254: | ||
| 084 | |a PH 2400 |2 rvk |0 (DE-625)rvk/135996: | ||
| 084 | |a DD 4750 |2 rvk |0 (DE-625)rvk/19298: | ||
| 084 | |a DT 1010 |2 rvk |0 (DE-625)rvk/19975:761 | ||
| 084 | |a DT 1100 |2 rvk |0 (DE-625)rvk/19977:761 | ||
| 084 | |a 44.01 |2 bkl | ||
| 084 | |a 71.70 |2 bkl | ||
| 084 | |a 89.21 |2 bkl | ||
| 100 | 1 | |8 1\p |a Rudnick, Martin |d 1950- |e Hrsg. |0 (DE-588)1381066917 |0 (DE-627)1940687381 |4 edt | |
| 109 | |a Rudnick, Martin 1950- | ||
| 245 | 1 | 0 | |a Aussondern, Sterilisieren, Liquidieren |b die Verfolgung Behinderter im Nationalsozialismus |c Martin Rudnick |
| 264 | 1 | |a Berlin |b Ed. Marhold im Wiss.-Verl. Spiess |c 1990 | |
| 300 | |a 231 S. |c 21 cm |e graph. Darst. | ||
| 336 | |a Text |b txt |2 rdacontent | ||
| 337 | |a ohne Hilfsmittel zu benutzen |b n |2 rdamedia | ||
| 338 | |a Band |b nc |2 rdacarrier | ||
| 500 | |a Literaturverz. S. 220 - 231 | ||
| 505 | 8 | |a Literaturverz. S. 220 - 231 | |
| 648 | 7 | |a Geschichte 1933-1945 |2 gnd | |
| 648 | 4 | |a Geschichte 1933-1945 | |
| 650 | 0 | |a People with mental disabilities |x Congresses |x History |x 20th century |x Germany | |
| 650 | 0 | |a Children with mental disabilities |x Congresses |x Education |x History |x 20th century |x Germany | |
| 650 | 0 | |a Involuntary sterilization |x Congresses |x History |x 20th century |x Germany | |
| 650 | 0 | |a Euthanasia |x Congresses |x History |x 20th century |x Germany | |
| 650 | 0 | 7 | |0 (DE-588)4013021-6 |0 (DE-627)104682922 |0 (DE-576)208901639 |a Drittes Reich |2 gnd |
| 650 | 0 | 7 | |0 (DE-588)4005279-5 |0 (DE-627)104540966 |0 (DE-576)20886007X |a Behinderter Mensch |2 gnd |
| 650 | 0 | 7 | |0 (DE-588)4015794-5 |0 (DE-627)104131632 |0 (DE-576)20891353X |a Euthanasie |g Nationalsozialismus |2 gnd |
| 650 | 4 | |a Behindertensport | |
| 650 | 4 | |a Versehrtensport | |
| 651 | 0 | |a Germany |x Congresses |x Social conditions |x 1933-1945 | |
| 651 | 7 | |0 (DE-588)4011882-4 |0 (DE-627)104704861 |0 (DE-576)208896155 |a Deutschland |2 gnd | |
| 655 | 7 | |a Aufsatzsammlung |0 (DE-588)4143413-4 |0 (DE-627)105605727 |0 (DE-576)209726091 |2 gnd-content | |
| 655 | 7 | |a Konferenzschrift |0 (DE-588)1071861417 |0 (DE-627)826484824 |0 (DE-576)433375485 |2 gnd-content | |
| 689 | 0 | 0 | |d s |0 (DE-588)4013021-6 |0 (DE-627)104682922 |0 (DE-576)208901639 |a Drittes Reich |2 gnd |
| 689 | 0 | 1 | |d s |0 (DE-588)4005279-5 |0 (DE-627)104540966 |0 (DE-576)20886007X |a Behinderter Mensch |2 gnd |
| 689 | 0 | 2 | |d s |0 (DE-588)4015794-5 |0 (DE-627)104131632 |0 (DE-576)20891353X |a Euthanasie |g Nationalsozialismus |2 gnd |
| 689 | 0 | |5 DE-101 | |
| 689 | 1 | 0 | |d g |0 (DE-588)4011882-4 |0 (DE-627)104704861 |0 (DE-576)208896155 |a Deutschland |2 gnd |
| 689 | 1 | 1 | |a z |2 gnd |a Geschichte 1933-1945 |
| 689 | 1 | |5 DE-101 | |
| 856 | 4 | 2 | |u http://bvbr.bib-bvb.de:8991/F?func=service&doc_library=BVB01&doc_number=002835727&line_number=0001&func_code=DB_RECORDS&service_type=MEDIA |m V:DE-604 |q application/pdf |3 Inhaltsverzeichnis |7 1 |
| 856 | 4 | 2 | |u http://scans.hebis.de/HEBCGI/show.pl?01257798_toc.pdf |m V:DE-604 |q application/pdf |3 Inhaltsverzeichnis |7 1 |
| 883 | |8 1\p |a cgwrk |d 20260401 |q DE-101 |u https://d-nb.info/provenance/plan#cgwrk | ||
| 935 | |i OFFLINE_4019_NISH | ||
| 935 | |i Blocktest | ||
| 936 | r | v | |a XB 3370 |b Medizin während des Nationalsozialismus |k Medizin |k Geschichte der Medizin |k Epochen und Kulturkreise |k 19. und 20. Jahrhundert |k Medizin während des Nationalsozialismus |0 (DE-627)1271622211 |0 (DE-625)rvk/152454: |0 (DE-576)201622211 |
| 936 | r | v | |a NQ 2350 |b Konzentrationslager, Euthanasie etc. |k Geschichte |k Geschichte seit 1918 |k Drittes Reich |k Innere Geschichte |k NS-Terror |k Konzentrationslager, Euthanasie etc. |0 (DE-627)1270875485 |0 (DE-625)rvk/128254: |0 (DE-576)200875485 |
| 936 | r | v | |a PH 2400 |b Strafrecht im Nationalsozialismus |k Rechtswissenschaft |k Strafrecht, Strafverfahrensrecht, Kriminologie |k Allgemeines und Geschichte |k Geschichte |k Strafrecht im Nationalsozialismus |0 (DE-627)1271788764 |0 (DE-625)rvk/135996: |0 (DE-576)201788764 |
| 936 | r | v | |a DD 4750 |b Nationalsozialismus |k Pädagogik |k Geschichte der Pädagogik und des Bildungswesens |k Nationalsozialismus |0 (DE-627)1270705806 |0 (DE-625)rvk/19298: |0 (DE-576)200705806 |
| 936 | r | v | |a DT 1010 |b Allgemeines und Deutschland |k Pädagogik |k Heilpädagogik, Sonderpädagogik |k Theorie |k Allgemeines und Deutschland |0 (DE-627)1270808486 |0 (DE-625)rvk/19975:761 |0 (DE-576)200808486 |
| 936 | r | v | |a DT 1100 |b Allgemeines und Deutschland |k Pädagogik |k Heilpädagogik, Sonderpädagogik |k Geschichte, Allgemeines |k Allgemeines und Deutschland |0 (DE-627)1270808524 |0 (DE-625)rvk/19977:761 |0 (DE-576)200808524 |
| 936 | b | k | |a 44.01 |j Geschichte der Medizin |0 (DE-627)106409638 |
| 936 | b | k | |a 71.70 |j Behinderte |x Soziologie |0 (DE-627)10641836X |
| 936 | b | k | |a 89.21 |j Faschismus |0 (DE-627)106414607 |
| 936 | s | n | |a d100 |2 mzub |
| 936 | s | n | |a n100 |2 mzub |
| 936 | s | n | |a p100 |2 mzub |
| 936 | s | n | |a w200 |2 mzub |
| 951 | |a BO | ||
| ELC | |b 1 | ||
| LOK | |0 000 xxxxxcx a22 zn 4500 | ||
| LOK | |0 001 3340262349 | ||
| LOK | |0 003 DE-627 | ||
| LOK | |0 004 026344254 | ||
| LOK | |0 005 20020607000000 | ||
| LOK | |0 008 931213||||||||||||||||ger||||||| | ||
| LOK | |0 040 |a DE-21-110 |c DE-627 |d DE-21-110 | ||
| LOK | |0 852 |a DE-21-110 | ||
| LOK | |0 852 1 |c C X 228 |m p |9 00 | ||
| LOK | |0 935 |a k110 | ||
| LOK | |0 936ln |a 10.2.1 | ||
| LOK | |0 938 |k p | ||
| LOK | |0 939 |a 1993-12-13 |b l01 | ||
| ORI | |a WA-MARC-krimdoka001.raw | ||
| SIG | |a IFK: C X 228 | ||
| TIM | |a 100019330101_100019451231 |b Geschichte 1933-1945 | ||
